[Event "ESP-chT CECLUB Div1 GpA"]
[Site "Don Benito"]
[Date "2012.07.30"]
[Round "1"]
[White "Illescas Cordoba, Miguel Angel"]
[Black "Andres Gonzalez, Alberto"]
[Result "1-0"]
[WhiteElo "2601"]
[BlackElo "2535"]
[PlyCount "115"]
[EventDate "2012.07.30"]
[EventType "team"]
[EventRounds "5"]
[EventCountry "ESP"]
[SourceTitle "CBM 149 Extra"]
[Source "ChessBase"]
[SourceDate "2012.08.24"]
[SourceVersion "1"]
[SourceVersionDate "2012.08.24"]
[SourceQuality "1"]
[WhiteTeam "Cajacanarias"]
[BlackTeam "Oviedo Universidad"]
[WhiteTeamCountry "ESP"]
[BlackTeamCountry "ESP"]

1. d4 Nf6 2. c4 e6 3. Nc3 Bb4 4. e3 c5 5. Bd3 0-0 6. Nge2 d5 7. cxd5 cxd4 8. exd4 Nxd5 9. 0-0 Nc6 10. Nxd5 Qxd5 11. Qc2 h6 12. Rd1 Bd6 13. a3 Bd7 14. Bh7+ Kh8 15. Be4 Qa5 16. d5 exd5 17. Bxh6 Be6 18. Be3 Bxh2+ 19. Kxh2 dxe4 20. Qxe4 Qe5+ 21. Qxe5 Nxe5 22. Kg3 Nc4 23. Bd4 Rfd8 24. Nf4 Bf5 25. Nh5 Kg8 26. Rac1 b5 27. a4 a6 28. axb5 axb5 29. Nxg7 Bg6 30. Bf6 Rdc8 31. Rh1 Rc6 32. Bd4 f6 33. Nh5 Rd8 34. Bc3 Kf7 35. Nf4 Rg8 36. f3 b4 37. Bxb4 Bc2+ 38. Kf2 Nxb2 39. Ba3 Rb8 40. Rhe1 Rc4 41. Re7+ Kg8 42. Nd5 Nd3+ 43. Kg3 Nxc1 44. Nxf6+ Kh8 45. Bxc1 Rb6 46. Bg5 Rcc6 47. Ng4 Rg6 48. Kh4 Rg7 49. Bf6 Rxf6 50. Re8+ Kh7 51. Nxf6+ Kg6 52. Rf8 Bd3 53. g4 Ra7 54. Nh5 Bc4 55. f4 Bf7 56. Rh8 Be6 57. f5+ Bxf5 58. Rg8+ 1-0